000
00329 a2200157 4500
001
46900
020
_a
9788566653045
040
_c
Anchieta - Aquarius
100
_a
Araujo, LaĆs
240
1
0
_a
*Que quintal!
_l
por
245
1
0
_a
*Que quintal!
300
_a
24
362
0
_a
2013
650
4
_a
Literatura infantil
942
_c
BK
999
_c
46900
_d
46900